000 00609nam a2200193Ia 4500
003 GCL
008 140319s9999 xx 000 0 ara d
040 _aGCL /
_cGCL
082 0 4 _a332.46
_bم ن
100 1 _aمحمود المراغى
245 1 0 _aنقود من طراز خاص: دراسة حول اموال النفط ومتغيرات الثمانينات /
_cمحمود المراغى
260 _a[S.N] :
_bدار المستقبل العربى ،
_c1982
300 _a146 ص
490 _a
650 0 4 _aالاقتصاد
650 0 4 _aالبترول
650 0 4 _aالنقود
942 _2ddc
_cBK
999 _c34710
_d34710